| 000 | 00482nam a22001817a 4500 | ||
|---|---|---|---|
| 003 | CEME | ||
| 005 | 20210628203632.0 | ||
| 008 | 210203b xxu||||| |||| 00| 0 eng d | ||
| 020 | _a0-8031-0967-9 | ||
| 040 | _c. | ||
| 082 | _a620.118 TES | ||
| 100 |
_aDigiovanni, Peter R _966648 |
||
| 245 | _aTesting technology of metal matrix composites | ||
| 260 |
_aUSA _bASTM _c1988 |
||
| 300 | _aIX,443P | ||
| 650 |
_aMETALLIC COMPOSITES -TESTING -CONGRESSES _966649 |
||
| 942 |
_cBK _2ddc |
||
| 999 |
_c574581 _d574581 |
||